| Tag |
First Indicator |
Second Indicator |
Subfields |
| LEADER |
00000cam a2200000 a 4500 |
| 001 |
in00001345607 |
| 005 |
20151005093226.0 |
| 008 |
960517s1996 nyuab b 001 0 eng |
| 010 |
|
|
|a 96023198
|
| 020 |
|
|
|a 0312163703 (cloth)
|
| 035 |
|
|
|a (OCoLC)34788083
|
| 035 |
|
|
|9 AHE5702AM
|
| 040 |
|
|
|a DLC
|c DLC
|d TXA
|d UtOrBLW
|
| 043 |
|
|
|a e-uk-en
|a e-uk---
|
| 049 |
|
|
|a TXAM
|
| 050 |
0 |
0 |
|a DA235
|b .F79 1996
|
| 082 |
0 |
0 |
|a 942.04
|2 20
|
| 100 |
1 |
|
|a Fryde, E. B.
|
| 245 |
1 |
0 |
|a Peasants and landlords in later Medieval England /
|c E.B. Fryde.
|
| 264 |
|
1 |
|a New York :
|b St. Martin's Press,
|c 1996.
|
| 300 |
|
|
|a xi, 371 pages :
|b illustrations, maps ;
|c cm.
|
| 336 |
|
|
|a text
|b txt
|2 rdacontent
|
| 337 |
|
|
|a unmediated
|b n
|2 rdamedia
|
| 338 |
|
|
|a volume
|b nc
|2 rdacarrier
|
| 504 |
|
|
|a Includes bibliographical references and indexes.
|
| 650 |
|
0 |
|a Tyler's Insurrection, 1381.
|
| 650 |
|
0 |
|a Peasant uprisings
|z England
|x History.
|
| 651 |
|
0 |
|a Great Britain
|x History
|y Lancaster and York, 1399-1485.
|
| 651 |
|
0 |
|a Great Britain
|x History
|y Richard II, 1377-1399.
|
| 650 |
|
0 |
|a Landlord and tenant
|z England
|x History.
|
| 651 |
|
0 |
|a Great Britain
|x History
|y 14th century.
|
| 650 |
|
0 |
|a Social history
|y Medieval, 500-1500.
|
| 650 |
|
0 |
|a Peasants
|z England
|x History.
|
| 999 |
|
|
|a MARS
|
| 999 |
f |
f |
|s 7996c11a-34b6-35f2-bf0b-a02e85e1dc6d
|i 9b97ca90-5093-3a8a-a2fd-cb674acb6c42
|t 0
|
| 952 |
f |
f |
|p ric
|a Texas A&M University
|b Rellis Campus
|c Joint Library Facility
|d Remote Storage
|t 0
|e DA235 .F79 1996
|h Library of Congress classification
|i unmediated -- volume
|m A14820778638
|
| 998 |
f |
f |
|a DA235 .F79 1996
|t 0
|l Remote Storage
|